00870nam a2200253 a 450000100060000000300080000600500170001400800410003103500190007204000270009104100080011808200240012609600220015010000460017224500550021826000550027330000290032865000290035765000250038665000290041194200120044099900170045295201470046965888BR-RjUL20211209081459.0170313s1931 nyu 000 0 eng  a(BR-RjUL)66018 aDLCcTLMdBR-RjULbeng aeng a591.5223bDIS 1931 aQL 791 D615s 19311 aDitmars, Raymond Lee,d1876-1942.919483910aStrange animals I have known /cRaymond L. Ditmars aNew York :bBrewer, Warren & Putnam, inc.,cc1931. a375 p. :bill. ;c21 cm. 2aBehavior, Animal9194840 2aAnimals, Zoo9194841 0aAnimal behavior.9194811 2ddccBK c65888d65888 00102ddc40718NFICaRUCLbRUCLcReadingd1961-11-28eMirza books Agencyg20.00l0o591.5 DIS 1931r2017-03-13 00:00:00tC-1w2017-03-13yBK